000 00662nam a2200217 a 4500
001 1636
005 20140414131844.0
008 010529s19uu xx 00 eng d
020 _a0-89565-416-4
050 _aM 177.7
_bR36 1988
100 _aRiehecky, Janet
245 _aSharing /
_cby Janet Riehecky ; illustrated by Christian Rigo.
250 _a1991 Ed.
260 _aMankatao, MN :
_bThe Child's World,
_c1988.
300 _a30 p. ; col. ill. ; cm.
440 _aValues to live by
520 _aSuggests ways of sharing things with family and friends.
650 _aSharing - Juvenile literature.
650 _aConduct of life.
999 _c109863
_d109863